00965 2200349 4500001002100000005001700021008004100038020002200079035002400101040001200125082001200137084001800149100001500167245010800182260003100290300003100321650002100352700001500373700001800388700001700406850001200423990001800435990001800453990001800471990001800489990001800507990001800525990001800543990001800561990001800579990001800597INLIS00000000002210620160823114337.0  a978-602-252-401-4 0010-081600000000463 aYOPDYOG a297.246 a297.246 Umm S aUmmu Faris aSang Rasul yang Rupawan :bNabi Yusuf ASc/ Ummu Faris, Tim Divaro; editor, Fikni Mutiara, Hijrah Ahmad aJakarta :bErlangga,c2014 a70 hlm.b: ilus.c; 21 cm. aCerita Nabi-Nabi aTim Divaro aFikni Mutiara aHijrah Ahmad aYOPDYOG a10689-KS/B.16 a10690-KS/B.16 a10691-KS/B.16 a10692-KS/B.16 a10693-KS/B.16 a10694-KS/B.16 a10695-KS/B.16 a10696-KS/B.16 a10697-KS/B.16 a10698-KS/B.16